| 000 | 00679cam a2200217 a 4500 | ||
|---|---|---|---|
| 001 | 2927472 | ||
| 005 | 20180119045754.0 | ||
| 008 | 890525s1989 nyua 001 0 eng | ||
| 010 | _a 89035037 | ||
| 020 | _a0385248350 | ||
| 040 |
_aDLC _cDLC _dDLC |
||
| 041 | _aeng | ||
| 080 | _a658.403 RUS | ||
| 082 | 0 | 0 |
_a658.403 RUS _220 |
| 100 | 1 | _a59 | |
| 101 | _aBIZ | ||
| 245 | 1 | 0 |
_aDecision traps : _cJ. Edward Russo and Paul J.H. Schoemaker. |
| 906 |
_a7 _bcbc _corignew _d1 _eocip _f19 _gy-gencatlg |
||
| 942 |
_2ddc _cBK |
||
| 999 |
_c40556 _d40556 |
||